00464 a2200121 4500020001500000082001700015245009600032260005300128300003400181650001500215999001500230952009700245 a0136597491 a624.1821 YOU aThe Science and technology of civil engineering materials /cJ. Francis Young ... [et al.]. aUpper Saddle River, NJ :bPrentice Hall,cc1998. axiv, 384 p. :bill. ;c26 cm. aMaterials. c1317d1317 00104070aNITbNITcCEd0000-00-00l0o624.1821 YOUpNIT-1873 r2017-01-05w2017-01-05yBK